书目信息 |
| 题名: |
室内给水排水和热水供应设计规范(TJ15-74)
|
|
| 作者: | 上海市城市建设局革命委员会 主编 | |
| 分册: | ||
| 出版信息: | 北京 中国建筑工业出版社 1974 |
|
| 页数: | 64页 | |
| 开本: | 20cm | |
| 丛书名: | ||
| 单 册: | ||
| 中图分类: | TU82-65 | |
| 科图分类: | ||
| 主题词: | 房屋建筑设备:卫生设备 | |
| 电子资源: | ||
| ISBN: | ||
| 000 | 00800nam0 2200205 450 | |
| 001 | 0761616586 | |
| 005 | 20071003170846.04 | |
| 010 | @dCNY0.19 | |
| 091 | @a15040.3187 | |
| 100 | @a20071003d1974 km y0chiy0120 ea | |
| 101 | 0 | @achi |
| 102 | @aCN@b110000 | |
| 200 | 1 | @a室内给水排水和热水供应设计规范(TJ15-74)@Ashi nei gei shui pai shui he re shui gong ying she ji gui fan(TJ15-74)@f上海市城市建设局革命委员会主编@Fshang hai shi cheng shi jian she ju ge ming wei yuan hui zhu bian |
| 210 | @a北京@c中国建筑工业出版社@d1974 | |
| 215 | @a64页@d20cm | |
| 606 | 0 | @a房屋建筑设备:卫生设备 |
| 690 | @aTU82-65@v4 | |
| 701 | 0 | @a上海市城市建设局革命委员会@Ashang hai shi cheng shi jian she ju ge ming wei yuan hui@4主编 |
| 801 | 0 | @aCN@b大连网信软件有限公司图书馆·11@c20071003 |
| 905 | @aZUCC@dTU82-65@e442 | |
| 室内给水排水和热水供应设计规范(TJ15-74)/上海市城市建设局革命委员会主编.-北京:中国建筑工业出版社,1974 |
| 64页;20cm |
| ISBN :CNY0.19 |
| ● |
| 相关链接 |
|
|
|
|
正题名:室内给水排水和热水供应设计规范(TJ15-74)
索取号:TU82-65/442
 
预约/预借
| 序号 | 登录号 | 条形码 | 馆藏地/架位号 | 状态 | 备注 |
| 1 | 0017943 | 001367880 | 密集书库/ [索取号:TU82-65/442] | 在馆 | |
| 2 | 0017944 | 001367924 | 密集书库/ [索取号:TU82-65/442] | 在馆 |